000 01668nam0a22003251 4500
001 rc\4132169
005 20250611102858.0
021 _aRU
_b[47-3656]
035 _a(NLR Aleph) 008158292
090 _a7793417
_c7793417
100 _a20130415d1947 |||y0rusy50 ca
101 0 _arus
102 _aRU
105 _aa z |||||
200 1 _aУчение о кожном лейшманиозе
_eДля врачей и биологов
_fПод общ. ред. Н.И. Латышева
_gС предисл. ген.-лейт. мед. службы, действ. чл. Акад. наук СССР, действ. чл. Акад. мед. наук, лауреата Сталинской премии Е.Н. Павловского, [стр. 3-4
210 _aМосква]
_cМедгиз
_d1947
_g16-я тип. треста "Полиграфкнига"
215 _a371 с.
_cил.
_d23
300 _aПеред загл. авт.: П.В. Кожевников, Н.В. Добротворская, Н.И. Латышев
320 _aЛитература. Основные руководства, справочники, обзорные статьи: с. 341-358
320 _aЛитература: с. 367
606 _aЛейшманиоз кожный
_2psbo
700 1 _aКожевников
_bП.В.
_f1898-
_gПетр Васильевич
701 1 _aДобротворская
_bН.В.
_gНаталья Васильевна
701 1 _aЛатышев
_bН.И.
_gНиколай Иванович
702 1 _aПавловский
_bЕ.Н.
_4080
801 0 _aRU
_bNLR
_gpsbo
801 1 _aRU
_bELAR
_2rusmarc
852 _aNLR
_jМд60 Г-5/11
942 _cBOOK
980 _aNB